000 01064cam a2200181 4500
001 X113018
008 000000n2001 000 0 eng u
035 _a(Sirsi) u113018
245 _aGranada Hospitality Ltd v SoS Environment and another
260 _c2001
490 _aProperty, Planning and Compensation Reports
_v[2001] 81 P&CR 505-519(13)
520 _aQBD 22 June 2000. Town and country planning-Green belt-Motorway Service Area-Applications for extensions to existing accommodation refused. Policy guidance in respect of whether a high incidence of accidents due to driver fatigue related to new infill MSAs not additions to existing ones. Whether decision-maker applied this as a test which the developments had to pass-Whether obligation on decision maker to consider granting a lesser permission than one sought. (Taken from headnote)
650 _aGRANADA HOSPITALITY LITD V SOS ENVIRONMENT
650 _aGREEN BELT
650 _aMOTORWAY SERVICE AREAS
690 _aENVIRONMENTAL AND LAND CONSULTANCY-PLANNING AND DEVELOPMENT
942 _n0
999 _c67266
_d67266